How to develop self-confidence and Improve public speaking (Record no. 9344)
[ view plain ]
| 000 -LEADER | |
|---|---|
| fixed length control field | 00422nam a22001457a 4500 |
| 008 - FIXED-LENGTH DATA ELEMENTS--GENERAL INFORMATION | |
| fixed length control field | 230227b |||||||| |||| 00| 0 eng d |
| 020 ## - INTERNATIONAL STANDARD BOOK NUMBER | |
| International Standard Book Number | 978-93-88423-37-3 |
| 082 ## - DEWEY DECIMAL CLASSIFICATION NUMBER | |
| Classification number | 808.511 |
| 100 ## - MAIN ENTRY--PERSONAL NAME | |
| Personal name | Dale Carnegie |
| 245 ## - TITLE STATEMENT | |
| Title | How to develop self-confidence and Improve public speaking |
| 260 ## - PUBLICATION, DISTRIBUTION, ETC. | |
| Place of publication, distribution, etc. | Mumbai: |
| Name of publisher, distributor, etc. | Jaico Publishing House, |
| Date of publication, distribution, etc. | 2022 |
| 300 ## - PHYSICAL DESCRIPTION | |
| Extent | 216 p. |
| Dimensions | 21.8 cm |
| 942 ## - Added entry Elements (Koha) | |
| Source of classification or shelving scheme | Dewey Decimal Classification |
| Withdrawn status | Lost status | Source of classification or shelving scheme | Damaged status | Not for loan | Collection code | Home library | Current library | Shelving location | Date acquired | Serial Enumeration / chronology | Total Checkouts | Total Renewals | Full call number | Barcode | Date last seen | Date last checked out | Price effective from | Koha item type |
|---|---|---|---|---|---|---|---|---|---|---|---|---|---|---|---|---|---|---|
| Dewey Decimal Classification | Popular Collection | RTC Library | RTC Library | Popular Collection | 27/02/2023 | 177077 | 9 | 8 | 808.511 CAR | 30018044 | 10/04/2026 | 09/03/2026 | 27/02/2023 | Main |